Máximo Caminero 10 años (Record no. 881)

MARC details
000 -LEADER
campo de control de longitud fija 00509nam a22001457a 4500
008 - DATOS DE LONGITUD FIJA--INFORMACIÓN GENERAL
campo de control de longitud fija 160307b xxu||||| |||| 00| 0 eng d
082 ## - NÚMERO DE LA CLASIFICACIÓN DECIMAL DEWEY
Número de clasificación 709.2
Número de ítem C183m
100 ## - ENTRADA PRINCIPAL--NOMBRE DE PERSONA
Nombre de persona Caminero, Máximo
9 (RLIN) 4841
245 ## - MENCIÓN DEL TÍTULO
Título Máximo Caminero 10 años
Resto del título 1990-2000
260 ## - PUBLICACIÓN, DISTRIBUCIÓN, ETC.
Lugar de publicación, distribución, etc. República Dominicana :
Nombre del editor, distribuidor, etc. [Casa Cultural Dominicana],
Fecha de publicación, distribución, etc. 2000
300 ## - DESCRIPCIÓN FÍSICA
Extensión [sin numeración] ;
Otras características físicas ill. (col.) ;
Dimensiones 21 cm.
600 ## - PUNTO DE ACCESO ADICIONAL DE MATERIA--NOMBRE DE PERSONA
Nombre de persona Canminero, Máximo
Subdivisión general Exhibiciones
9 (RLIN) 4842
650 ## - PUNTO DE ACCESO ADICIONAL DE MATERIA--TÉRMINO DE MATERIA
Término de materia o nombre geográfico como elemento de entrada Arte Moderno
9 (RLIN) 145
650 ## - PUNTO DE ACCESO ADICIONAL DE MATERIA--TÉRMINO DE MATERIA
Término de materia o nombre geográfico como elemento de entrada Arte Moderno
Subdivisión geográfica República Dominicana
9 (RLIN) 4843
Holdings
Estatus retirado Estado de pérdida Fuente del sistema de clasificación o colocación Estado de daño No para préstamo Biblioteca de origen Biblioteca actual Ubicación en estantería Fecha de adquisición Total de préstamos Signatura topográfica completa Código de barras Visto por última vez Precio de reemplazo Tipo de ítem Koha
    Clasificación Decimal Dewey     Biblioteca LadoV Biblioteca LadoV   07/03/2016   709.2 C183m 000675 07/03/2016 07/03/2016 Material 01